[Event "17th Petr Izmailov"]
[Site "Tomsk RUS"]
[Date "2013.06.19"]
[Round "9.2"]
[White "Maletin,P"]
[Black "Akhmetov,Ay"]
[Result "1-0"]
[WhiteElo "2611"]
[BlackElo "2318"]

1.Nf3 d5 2.g3 Nf6 3.Bg2 c6 4.O-O Bf5 5.c4 e6 6.cxd5 cxd5 7.Qb3 Qb6 8.Qxb6 axb6
9.Nc3 Nc6 10.d3 Bc5 11.Bf4 Bg4 12.h3 Bxf3 13.Bxf3 Nd4 14.Bg2 Bb4 15.e3 Bxc3
16.bxc3 Ne2+ 17.Kh2 Nxf4 18.gxf4 Ra3 19.Rfb1 Nd7 20.c4 Rxd3 21.cxd5 Rd2 22.dxe6 fxe6
23.Kg3 Ke7 24.Bxb7 Nc5 25.Bf3 Rd6 26.a4 e5 27.f5 e4 28.Bh5 Ra8 29.Rb4 Ra5
30.Bg4 Kf6 31.h4 Ke5 32.h5 h6 33.Rb5 Rxb5 34.axb5 Nd7 35.Ra7 Rd5 36.Rc7 Kd6
37.Rc6+ Ke7 38.Re6+ Kf7 39.Rxe4 Rxb5 40.Ra4 Ne5 41.f4 Nxg4 42.Kxg4 Rb1 43.e4 Rg1+
44.Kf3 Rb1 45.e5 b5 46.Ra7+ Kf8 47.Rb7 Kg8 48.Rb8+ Kf7 49.e6+ Ke7 50.Rb7+ Kf8
51.f6 gxf6 52.Ke4 Ke8 53.Kf5 Rb4 54.Rh7  1-0

[Event "16th Heraklion Open A 2013"]
[Site "Athens GRE"]
[Date "2013.06.20"]
[Round "5.2"]
[White "Nikolaou,G"]
[Black "Papadimitriou,L"]
[Result "1/2-1/2"]
[WhiteElo "2268"]
[BlackElo "2071"]

1.Nf3 d5 2.g3 Nf6 3.Bg2 e6 4.O-O b5 5.d3 Bb7 6.c4 bxc4 7.dxc4 Nbd7 8.Qa4 Bd6
9.cxd5 exd5 10.Nd4 O-O 11.Nf5 Nc5 12.Qh4 Re8 13.Nc3 Be5 14.Rd1 Nfe4 15.Qxd8 Raxd8
16.Nxe4 Nxe4 17.Ne3 h5 18.Rb1 Bf6 19.h4 c6 20.Bf3 g6 21.Bd2 Ba6 22.Rbc1 Bxb2
23.Rxc6 Bb5 24.Rc2 d4 25.Ba5 Rd7 26.Bxe4 dxe3 27.Rxd7 exf2+ 28.Kxf2 Bxd7
29.Rxb2 Rxe4 30.Bc3 Re8 31.Rb7 Bg4 32.e3 a6 33.Ra7 Rc8 34.Bd4 Rc6 35.a4 Kf8
36.a5 Ke8 37.e4 Bd7 38.Ke3 Ke7 39.Bb6 Rc3+ 40.Kf4 f6 41.Bd4 Rc6 42.e5 fxe5+
43.Kxe5 Re6+ 44.Kf4 Ke8 45.Bb6 Bb5 46.Kg5 Rd6 47.Kh6 Bd3 48.Rg7 Rd7 49.Rg8+ Kf7
50.Rg7+ Ke8 51.Rg8+ Kf7  1/2-1/2

[Event "4th Forni di Sopra"]
[Site "Forni di Sopra ITA"]
[Date "2013.06.20"]
[Round "7"]
[White "Sundararajan,K"]
[Black "Moskalenko,V1"]
[Result "1/2-1/2"]
[WhiteElo "2428"]
[BlackElo "2536"]

1.Nf3 d5 2.g3 c6 3.Bg2 Nf6 4.O-O Bf5 5.d3 h6 6.c4 e6 7.cxd5 exd5 8.Nc3 Be7
9.Nd4 Bc8 10.e4 dxe4 11.dxe4 O-O 12.Bf4 Na6 13.e5 Nh7 14.Rc1 Ng5 15.Be3 Bc5
16.Na4 Bxd4 17.Qxd4 Qxd4 18.Bxd4 Bh3 19.f4 Bxg2 20.Kxg2 Ne6 21.Be3 Rfd8 22.f5 Nec7
23.a3 Re8 24.Bf4 Nd5 25.Kf3 g5 26.fxg6 fxg6 27.Bxh6 Rxe5 28.h4 Rae8 29.Kg2 Ne3+
30.Bxe3  1/2-1/2

[Event "12th TCh-BIH Prem"]
[Site "Sarajevo BIH"]
[Date "2013.06.20"]
[Round "6.3"]
[White "Batinic,P"]
[Black "Bandic,A"]
[Result "1/2-1/2"]
[WhiteElo "2312"]
[BlackElo "2243"]

1.Nf3 d5 2.g3 c6 3.Bg2 e6 4.b3 f5 5.Bb2 Nf6 6.d3 Bb4+ 7.c3 Be7 8.Nbd2 O-O
9.O-O a5 10.a3 Ng4 11.c4 Qb6 12.h3 Nh6 13.Qc2 Nd7 14.e4 Nf6 15.Rfe1 fxe4
16.dxe4 Bc5 17.Re2 Nh5 18.Nf1 e5 19.Nxe5 dxe4 20.Bxe4 Nf6 21.Bg2 Bf5 22.Qc3 Rad8
23.Ne3 Be4 24.N3g4 Nhxg4 25.Nxg4 Rd3 26.Qe5 Bg6 27.Rf1 Ne8 28.Be4 Bd6 29.c5 Bxe5
30.cxb6 Bxb2 31.Bxg6 hxg6 32.Rxb2 Rd5 33.Re1 Nf6 34.Re7 Nxg4 35.hxg4 Rf7
36.Rc7 g5 37.Re2 Rdd7 38.Re8+ Kh7 39.Rec8 Kg6 40.Rxd7 Rxd7 41.Rc7 Rd3 42.b4 axb4
43.axb4 Rd4 44.Rxb7 Rxb4 45.Rb8 c5 46.b7 Rb1+ 47.Kg2 c4 48.f4 gxf4 49.gxf4 c3
50.Rc8 Rxb7 51.Rc6+ Kf7 52.Rxc3 Rb1 53.Kg3 Rb5 54.Rc7+ Kf8 55.Rc6 Kf7 56.f5 Rb7
57.Kh4 Rb1 58.Kh5 Rh1+ 59.Kg5 Rg1 60.Rc7+ Kf8 61.Kh5 g6+ 62.Kxg6 Rxg4+ 63.Kf6 Kg8
64.Rc8+ Kh7 65.Ke6 Ra4 66.Re8 Ra6+ 67.Kf7 Rb6 68.f6 Ra6 69.Re1 Ra7+ 70.Re7 Ra8
71.Rd7 Ra1 72.Re7 Ra8 73.Rb7 Ra1 74.Ke6+ Kg6 75.Rg7+ Kh6 76.Re7 Kg6 77.f7 Kg7
78.Re8 Ra6+  1/2-1/2

[Event "8th Teplice Open 2013"]
[Site "Teplice CZE"]
[Date "2013.06.20"]
[Round "6.55"]
[White "Smolik,Boris"]
[Black "Sigurdsson,Ja"]
[Result "1-0"]
[WhiteElo "1964"]
[BlackElo "1768"]

1.Nf3 d5 2.g3 Nf6 3.Bg2 c6 4.O-O g6 5.d3 Bg7 6.c3 Nbd7 7.Nbd2 O-O 8.Qc2 Qc7
9.e4 dxe4 10.Nxe4 Nxe4 11.dxe4 e5 12.Be3 Re8 13.Rfd1 b6 14.h3 Bb7 15.a4 Rad8
16.Bf1 Nf8 17.Bc4 a6 18.Ng5 Rxd1+ 19.Rxd1 Re7 20.a5 bxa5 21.Bc5 Rd7 22.Rxd7 Nxd7
23.Bxf7+ Kh8 24.Ne6 Qb8 25.Be7 Bf6 26.Qd2 Bxe7 27.Qxd7 Bf6 28.Be8 Bc8 29.Qf7  1-0

[Event "III Marcel Duchamp Boca Jun Op"]
[Site "Buenos Aires ARG"]
[Date "2013.06.21"]
[Round "2.28"]
[White "Villarreal,H"]
[Black "Ambrogi,A"]
[Result "1/2-1/2"]
[WhiteElo "2120"]
[BlackElo "2309"]

1.Nf3 d5 2.g3 Nf6 3.Bg2 c6 4.O-O Bf5 5.d3 h6 6.Nbd2 Nbd7 7.c4 e6 8.Re1 Bh7
9.a3 Be7 10.b4 O-O 11.Bb2 a5 12.Bc3 axb4 13.axb4 Qb6 14.Qb3 Ng4 15.c5 Qc7
16.Qb2 Bf6 17.Bxf6 Ngxf6 18.Rxa8 Rxa8 19.Ra1 Qb8 20.h3 Ra7 21.Nb3 Qa8 22.Rxa7 Qxa7
23.Qa1 Qxa1+ 24.Nxa1 Ne8 25.Nb3 Nc7 26.Na5 Na6 27.Nxb7 Nxb4 28.Nd4 Kf8 29.Na5 Nb8
30.Kf1 Ke7 31.Ke1 Kd7 32.Kd2 e5 33.Ndb3 d4 34.Nc4 f6 35.f4  1/2-1/2

[Event "4th Forni di Sopra"]
[Site "Forni di Sopra ITA"]
[Date "2013.06.21"]
[Round "8"]
[White "D'Amore,C"]
[Black "Sachdev,T"]
[Result "1/2-1/2"]
[WhiteElo "2485"]
[BlackElo "2408"]

1.g3 d5 2.Nf3 Nf6 3.Bg2 e6 4.O-O Be7 5.c4 dxc4 6.Qa4+ c6 7.Qxc4 b5 8.Qc2 Bb7
9.Nc3 Nbd7 10.d3 Rc8 11.e4 O-O 12.b3 a5 13.a4 Ba6 14.Rd1 Qc7 15.Bf4 Qb6 16.Be3 Qc7
17.Bf4 Qb6 18.Be3 Qc7 19.Bf4  1/2-1/2

[Event "6th Sveins Memorial"]
[Site "Oslo NOR"]
[Date "2013.06.21"]
[Round "7"]
[White "Merkesvik,Sondre"]
[Black "Mihajlov,Seb"]
[Result "1/2-1/2"]
[WhiteElo "1934"]
[BlackElo "2101"]

1.Nf3 d5 2.g3 Nf6 3.Bg2 c6 4.O-O Bf5 5.c4 e6 6.d4 Nbd7 7.Nc3 dxc4 8.Nh4 Bg6
9.Nxg6 hxg6 10.e4 e5 11.Bg5 Be7 12.h4 O-O 13.Ne2 Qc7 14.Qc2 b5 15.Rad1 Rad8
16.f4 exd4 17.Nxd4 Nb6 18.Bxf6 gxf6 19.Nf3 Nd7 20.h5 Kg7  1/2-1/2

[Event "12th TCh-BIH Prem"]
[Site "Sarajevo BIH"]
[Date "2013.06.21"]
[Round "7.4"]
[White "Stanisic,Vlajko"]
[Black "Jovovic,Milan"]
[Result "1-0"]
[WhiteElo "2009"]
[BlackElo "1879"]

1.Nf3 d5 2.g3 c5 3.Bg2 Nc6 4.d4 e6 5.O-O Nf6 6.c4 Be7 7.cxd5 Nxd5 8.dxc5 Bxc5
9.Qc2 Qb6 10.a3 Nd4 11.Nxd4 Bxd4 12.Nd2 Bd7 13.Nf3 Rc8 14.Qd2 Bf6 15.e4 Nc7
16.Qf4 Qa6 17.Rd1 Bc6 18.Ne5 Ba4 19.Bf1 Qa5 20.Nc4 Qh5 21.Nd6+ Kf8 22.Nxc8 e5
23.Qe3 Qxd1 24.Qc5+ Kg8 25.b3 Bc6 26.Qe3 Qd4 27.Qxd4 exd4 28.Bd3 Bb5 29.Bc4 a6
30.Nd6 Bc6 31.Nxf7 b5 32.Nd8+ Kf8 33.Nxc6 bxc4 34.bxc4 Kf7 35.e5 Be7 36.Nxd4 Bc5
37.Nf3 Rb8 38.Kf1 Rb3 39.Nd2 Rb8 40.Rb1 Re8 41.Rb7 Re7 42.Nb3 Ne6 43.Nxc5 Nxc5
44.Rxe7+ Kxe7 45.Ke2 Ke6 46.f4 h5 47.Be3 Nb7 48.Kf3 Na5 49.Ke4 Nxc4 50.f5+ Kd7
51.Bc1 Ke7 52.Be3 Kd7 53.Bc5 Ke8 54.e6 Nd2+ 55.Kf4 Nf1 56.h3 Nd2 57.Bb4 Nb3
58.Kg5 a5 59.Bc3 Nc5 60.Bxg7  1-0

[Event "8th Teplice Open 2013"]
[Site "Teplice CZE"]
[Date "2013.06.21"]
[Round "7.19"]
[White "Kanovsky,D"]
[Black "Bartos,J"]
[Result "1-0"]
[WhiteElo "2385"]
[BlackElo "2196"]

1.Nf3 d5 2.g3 Nf6 3.Bg2 g6 4.O-O Bg7 5.d4 O-O 6.c4 dxc4 7.Na3 c3 8.bxc3 c5
9.e3 Nc6 10.Qe2 Bg4 11.h3 Bf5 12.Rd1 Qc8 13.Kh2 Be4 14.Bb2 Re8 15.Rac1 Qf5
16.Nh4 Qe6 17.f3 Bd5 18.c4 g5 19.cxd5 Nxd5 20.Nf5 Qxf5 21.e4 Qe6 22.Rxc5 Nb6
23.Rxg5 Qxa2 24.d5 f6 25.Rxg7+  1-0

[Event "6th Karen Asrian Mem"]
[Site "Jermuk ARM"]
[Date "2013.06.22"]
[Round "7.1"]
[White "Vardanian,Hak"]
[Black "Hovhannisyan,R"]
[Result "0-1"]
[WhiteElo "2260"]
[BlackElo "2610"]

1.Nf3 d5 2.g3 Nc6 3.Bg2 e5 4.d3 Nf6 5.O-O Be7 6.c4 O-O 7.cxd5 Nxd5 8.Nc3 Be6
9.Bd2 Qd7 10.Rc1 Rad8 11.Ne4 Bh3 12.Bxh3 Qxh3 13.Qb3 Qc8 14.Nc5 Nb6 15.a4 Rd5
16.Be3 Rfd8 17.Qa2 a5 18.Qb3 Nd4 19.Bxd4 exd4 20.Ne4 Bb4 21.Qc2 c6 22.Ned2 Bxd2
23.Qxd2 Nxa4 24.Rc2 Nb6 25.Ra1 a4 26.b3 axb3 27.Rb2 Nd7 28.Rxb3 Ne5 29.Ra7 Nxf3+
30.exf3 Qh3 31.Rbxb7 Rh5 32.Qf4 Qxh2+ 33.Kf1 Qh3+ 34.Ke2 Qe6+ 35.Kd2 Rf5
36.Rb8 Rd5 37.Qc7 Re8 38.Rxe8+ Qxe8 39.Ra6 c5 40.Rb6 Rd8 41.Qxc5 g6 42.Rb7 Qa4
43.Qc4 Qa5+ 44.Ke2 Qf5 45.f4 Rc8 46.Rc7 Qh5+ 47.f3 Re8+ 48.Kf2 Qh2+ 49.Kf1 Qh1+
50.Kf2 Qe1+  0-1

[Event "TCh-SUI 2013"]
[Site "Switzerland SUI"]
[Date "2013.06.22"]
[Round "4.4"]
[White "Mantovani,R"]
[Black "Modler,A"]
[Result "1-0"]
[WhiteElo "2360"]
[BlackElo "2298"]

1.Nf3 d5 2.g3 Nf6 3.Bg2 c6 4.O-O Bg4 5.d3 Nbd7 6.Nbd2 e6 7.h3 Bh5 8.e4 Bxf3
9.Qxf3 Bd6 10.Qe2 O-O 11.f4 Qe7 12.e5 Bc5+ 13.Kh1 Ne8 14.Nf3 f5 15.exf6 Qxf6
16.Bd2 Nc7 17.c3 Rfe8 18.Rae1 Bb6 19.d4 Qg6 20.g4 Rf8 21.Bc1 Rae8 22.Qd1 Nb5
23.Re2 Nd6 24.Qe1 Bd8 25.b3 b6 26.Ba3 c5 27.dxc5 Nxc5 28.Ne5 Qh6 29.g5 Qh5
30.Bxc5 bxc5 31.Nd7 Rf7 32.Nxc5 Nf5 33.Rxe6 Rfe7 34.Kh2 Ne3 35.Qxe3  1-0

[Event "8th Teplice Open 2013"]
[Site "Teplice CZE"]
[Date "2013.06.22"]
[Round "8.54"]
[White "Smolik,Boris"]
[Black "Bobek,Daniel"]
[Result "1/2-1/2"]
[WhiteElo "1964"]
[BlackElo "1664"]

1.Nf3 d5 2.g3 c6 3.Bg2 Nf6 4.O-O Bf5 5.d3 e6 6.Nbd2 Be7 7.c4 dxc4 8.Nxc4 h6
9.Qb3 Qc8 10.Bf4 O-O 11.Nd6 Bxd6 12.Bxd6 Re8 13.Nh4 Bh7 14.f4 Nbd7 15.e4 Nb6
16.f5 exf5 17.Nxf5 Bxf5 18.Rxf5 Qe6 19.Qa3 Red8 20.Be7 Rd7 21.Bxf6 gxf6 22.Raf1 Rd6
23.Bh3 Qe7 24.e5 Re6 25.Qc3 Rxe5 26.Qd4 Nd5 27.Qh4 Kg7 28.d4 Rxf5 29.Bxf5 Qe3+
30.Kh1 Qg5  1/2-1/2

[Event "FIDE WGP Dilijan 2013"]
[Site "Dilijan ARM"]
[Date "2013.06.23"]
[Round "7.4"]
[White "Khotenashvili,B"]
[Black "Girya,O"]
[Result "1/2-1/2"]
[WhiteElo "2531"]
[BlackElo "2436"]

1.Nf3 d5 2.g3 Bg4 3.Bg2 c6 4.c4 e6 5.O-O Nf6 6.d4 Nbd7 7.Nc3 Be7 8.Re1 O-O
9.e4 dxc4 10.Bf4 b5 11.Qe2 Nb6 12.Rad1 Qc8 13.h3 Bxf3 14.Bxf3 b4 15.Nb1 Rd8
16.g4 c5 17.g5 Ne8 18.d5 exd5 19.exd5 Bd6 20.Bg4 Qc7 21.Be3 Bf4 22.Qf3 Bxe3
23.Rxe3 Nd6 24.Rde1 Re8 25.Nd2 Rxe3 26.Rxe3 Re8 27.Nf1 Rxe3 28.Nxe3 Qe7 29.Qf4 g6
30.h4 Na4 31.b3 cxb3 32.axb3 Nc3 33.Nc4 Ncb5 34.Ne5 Nd4 35.Nc6 Nxc6 36.dxc6 Qc7
37.Bf3 Nb5 38.Qc4 Nd4 39.Bd5 Qd6 40.Bxf7+ Kg7 41.Bd5 Nxc6 42.Qe4 Ne5 43.Kg2 a5
44.f4 Nf7 45.h5 gxh5 46.Bxf7 Kxf7 47.Qxh7+ Kf8 48.Qh8+ Ke7 49.Qg7+ Ke8 50.Qg8+ Ke7
51.Qh7+ Kf8 52.Qh8+ Ke7 53.Qg7+ Ke8 54.Qg8+ Ke7 55.Qg7+ Ke8 56.Qg8+ Ke7 57.Qg7+  1/2-1/2

[Event "V4 Liptov IM 2013"]
[Site "Liptovsky Mikulas SVK"]
[Date "2013.06.23"]
[Round "5.2"]
[White "Bukojemski,A"]
[Black "Pechac,Jergus"]
[Result "1/2-1/2"]
[WhiteElo "2230"]
[BlackElo "2182"]

1.Nf3 d5 2.g3 c5 3.Bg2 Nc6 4.O-O e5 5.d3 Nf6 6.Nbd2 Be7 7.e4 dxe4 8.dxe4 Bg4
9.h3 Bh5 10.c3 Qd3 11.Re1 O-O-O 12.Qe2 Qc2 13.g4 Bg6 14.Nh4 Rd7 15.Nxg6 hxg6
16.Nf1 Qxe2 17.Rxe2 Rd1 18.b3 c4 19.Rd2 Rd8 20.Rxd1 Rxd1 21.Bb2 Rxa1 22.Bxa1 cxb3
23.axb3 Na5 24.Nd2 Ba3 25.b4 Bc1 26.bxa5 Bxd2 27.Kf1 Nd7 28.Ke2 Bg5 29.Kd3 Bd8
30.a6 Nc5+ 31.Kc4 Nxa6 32.Kd5 Bc7 33.g5 Kd7 34.Bf1 Nb8 35.Bb2 Bd6 36.Bb5+ Nc6
37.c4 f6 38.c5 Bc7 39.Bc3 Bd8 40.Ba4 Be7 41.Bb5  1/2-1/2

[Event "TCh-SUI 2013"]
[Site "Switzerland SUI"]
[Date "2013.06.23"]
[Round "5.2"]
[White "Bauer,Ch"]
[Black "Godena,M"]
[Result "1/2-1/2"]
[WhiteElo "2637"]
[BlackElo "2518"]

1.Nf3 d5 2.g3 Nc6 3.d4 Bf5 4.Bg2 Nb4 5.Na3 c6 6.c3 Na6 7.Qb3 Qb6 8.Nh4 Be6
9.O-O Nf6 10.c4 dxc4 11.Nxc4 Qb4 12.Qxb4 Nxb4 13.Ne3 Bd5 14.a3 Bxg2 15.Kxg2 Nbd5
16.Nc4 e6 17.Nf3 Be7 18.Nfe5 Nd7 19.Nxd7 Kxd7 20.e4 Nb6 21.Na5 Rab8 22.Rd1 Rhd8
23.Bf4 Bd6 24.Bxd6 Kxd6 25.Rac1 Nc8 26.d5 cxd5 27.exd5 Nb6 28.dxe6+ Kxe6
29.Rxd8 Rxd8 30.Nxb7 Rd2 31.b3 f5 32.a4 Nd5 33.Re1+ Kd7 34.Nc5+ Kc6 35.Ne6 g6
36.Ng5 Nf6 37.Nf3 Rd6 38.Re7 a6 39.Ng5 Kc5 40.h4 Rd2 41.Ra7 Ng4 42.Nh3 Kb4
43.Rxa6 Kxb3 44.Ra7 h6 45.a5 Kb4 46.Rf7 Ra2 47.a6 Rxa6 48.h5 g5 49.Rxf5 Rf6
50.Rd5 Rxf2+ 51.Nxf2 Ne3+ 52.Kf3 Nxd5 53.Ng4 Kc5 54.Nxh6 Nf6 55.g4 Kd5 56.Nf7 Nh7
57.Nxg5 Nxg5+ 58.Kf4 Nf7 59.Kf5 Nh6+ 60.Kg5 Nxg4 61.Kxg4  1/2-1/2

[Event "TCh-SUI 2013"]
[Site "Switzerland SUI"]
[Date "2013.06.23"]
[Round "5.4"]
[White "Pelletier,Y"]
[Black "Mantovani,R"]
[Result "1-0"]
[WhiteElo "2574"]
[BlackElo "2360"]

1.Nf3 d5 2.g3 Nf6 3.Bg2 c6 4.O-O Bf5 5.d3 h6 6.c4 dxc4 7.dxc4 Qxd1 8.Rxd1 Nbd7
9.Nc3 e6 10.Bf4 g5 11.Be3 Bc5 12.Bxc5 Nxc5 13.Nd4 a5 14.Nxf5 exf5 15.e3 Ke7
16.Ne2 Ne6 17.Nd4 Nxd4 18.exd4 Kd6 19.c5+ Kc7 20.d5 cxd5 21.Bxd5 Ne4 22.Rac1 Rad8
23.f3 Nf6 24.Bxf7 Kc6 25.Re1 Kc7 26.Re6 Nd5 27.c6 Rhf8 28.cxb7+ Kxb7 29.Bg6 Nb4
30.a3 Nd3 31.Rc3 Rd5 32.Re7+ Kb6 33.Re6+ Kb7 34.Be8 Ne5 35.Kf2 f4 36.g4 Nd3+
37.Ke2 Re5+ 38.Rxe5 Nxe5 39.Ba4 Rf6 40.Bc2 Kb6 41.Be4 h5 42.gxh5 Rh6 43.h3 Rxh5
44.Bf5 Rh8 45.Rb3+ Kc5 46.a4 Kd4 47.Rb5 Re8 48.b4 axb4 49.Rxb4+ Nc4+ 50.Be4 Rh8
51.Bd3 Re8+ 52.Be4 Rh8 53.a5 Rxh3 54.Ra4 Rh2+ 55.Kf1 g4 56.a6 gxf3 57.Bxf3 Ke3
58.Kg1 Rh7 59.Bd5 Rg7+ 60.Kh2 Nb6 61.Re4+ Kd3 62.Bb7 Nc8 63.Rxf4 Na7 64.Kh3 Ke3
65.Rb4 Rg6 66.Kh4 Kd3 67.Kh5 Kc3 68.Rf4 Rg1 69.Bf3 Ra1 70.Be2 Ra2 71.Rc4+ Kb3
72.Re4 Ra5+ 73.Kg6 Nb5 74.Re6 Nc7 75.Rc6 Nxa6 76.Bxa6 Kb4 77.Kf6 Rc5 78.Rd6 Rh5
79.Bd3 Kc5 80.Ra6 Rh6+ 81.Bg6 Rh2 82.Ke5 Rh6 83.Rd6 Rh8 84.Rd1 Rg8 85.Rc1+ Kb4
86.Be4 Rg4 87.Kd4 Rh4 88.Rb1+ Ka5 89.Rb8 Ka4 90.Rb7 Ka3 91.Kd3 Ka4 92.Bc6+ Ka5
93.Rb5+ Ka6 94.Rb1 Ka5 95.Kc3 Ka6 96.Bd5 Ka7 97.Bc4 Rg4 98.Rb5 Rh4 99.Kb4 Rh8
100.Rf5 Rh1 101.Kb5 Rc1 102.Rc5 Rc2 103.Kc6 Rc1 104.Ra5+ Kb8 105.Ra4 Rc2
106.Kb6 Kc8 107.Bb5 Kb8 108.Ra1 Rc7 109.Bc6 Rb7+ 110.Kc5 Rb2 111.Kd6  1-0

[Event "7th Varna Open 2013"]
[Site "Varna BUL"]
[Date "2013.06.23"]
[Round "5.20"]
[White "Georgiev,B"]
[Black "Talmaci,Alexandru"]
[Result "1/2-1/2"]
[WhiteElo "2271"]
[BlackElo "1581"]

1.Nf3 d5 2.g3 Bf5 3.Bg2 Nf6 4.O-O h6 5.c4 e6 6.b3 Be7 7.Bb2 O-O 8.d3 c5 9.Nbd2 Nc6
10.cxd5 exd5 11.Re1 d4 12.a3 Qd7 13.Qc2 Rac8 14.Rad1 Rfe8 15.Ba1 Bf8 16.Nc4 b5
17.Ncd2 Nd5 18.Ne4 Nd8 19.Rc1 Nb7 20.Qd2 Bxe4 21.dxe4 Nf6 22.e5 Ng4 23.e3 Nxe5
24.Nxe5 Rxe5 25.exd4 Rxe1+ 26.Rxe1 cxd4 27.Qxd4 Qxd4 28.Bxd4 Na5 29.b4 Nc4
30.Rc1 a6 31.Bb7 Rd8 32.Bc5 a5 33.a4 axb4 34.Bxf8 Kxf8 35.axb5 Na3 36.b6 b3
37.Be4 b2 38.Rc3 b1=Q+ 39.Bxb1 Rd1+ 40.Kg2 Rxb1 41.Rxa3  1/2-1/2

[Event "7th Varna Open 2013"]
[Site "Varna BUL"]
[Date "2013.06.23"]
[Round "5.24"]
[White "Zhivkov,G"]
[Black "Yordanov,Lachezar"]
[Result "1/2-1/2"]
[WhiteElo "2132"]
[BlackElo "1614"]

1.Nf3 d5 2.g3 Nf6 3.Bg2 Bg4 4.h3 Bf5 5.Nh4 Be4 6.f3 Bg6 7.d3 e6 8.Be3 Bd6
9.Bf2 c6 10.O-O Qc7 11.Qe1 Nbd7 12.e4 dxe4 13.dxe4 e5 14.Nd2 O-O 15.Nc4 Be7
16.Ne3 Bc5 17.Kh2 Rad8 18.Qe2 Nb6 19.a4 a5 20.Rfc1 Rd7 21.Be1 Bd4 22.c3 Bxe3
23.Qxe3 Rfd8 24.Bf1 Nc8 25.Be2 Ne7 26.Ng2 Ne8 27.Nh4 h6 28.Rd1 Rxd1 29.Rxd1 Rxd1
30.Bxd1 Qd6 31.Be2 Bh7 32.Qb6 Qc7 33.Bf2 Nc8 34.Qb3 Qd7 35.Be3 Ned6 36.Qd1 Qc7
37.Qd2 Ne8 38.Bc5 b6 39.Be3 g5 40.Ng2 Kg7 41.Bf2 Bg8 42.Ne3 Ned6 43.Ba6 Ne7
44.Ng4 Ndc8 45.b4 f6 46.bxa5 bxa5 47.Bc5 Bb3 48.Ne3 Bxa4 49.Qa2 Bb5 50.Bxc8 Nxc8
51.Qe6 Qd8 52.Nf5+ Kg6 53.Be3 Be2 54.Qxc8 Qxc8 55.Ne7+ Kf7 56.Nxc8 Bxf3 57.Nd6+ Ke6
58.Bc5 Bxe4 59.g4 Bd3 60.Kg2 Kd5 61.Ba3 c5 62.Nb7 Kc4 63.Nxa5+ Kxc3 64.Bxc5 f5
65.Kf2 fxg4 66.hxg4 Bg6 67.Nc6 h5  1/2-1/2

[Event "73rd ch-UKR w 2013"]
[Site "Kiev UKR"]
[Date "2013.06.24"]
[Round "7.5"]
[White "Andrenko,I"]
[Black "Osmak,Iulija"]
[Result "0-1"]
[WhiteElo "2253"]
[BlackElo "2210"]

1.Nf3 d5 2.g3 Nf6 3.Bg2 c6 4.O-O Bf5 5.d3 Nbd7 6.Nh4 Bg6 7.Nxg6 hxg6 8.e4 dxe4
9.dxe4 e5 10.Qe2 Bc5 11.Nd2 Qe7 12.a4 O-O 13.a5 Rfe8 14.c3 b5 15.Nb3 Bd6
16.Be3 Qe6 17.Nd2 Bc5 18.b4 Bxe3 19.Qxe3 Qe7 20.Rfb1 a6 21.c4 Nf8 22.Qc3 Rad8
23.Nb3 Ne6 24.Re1 Nd4 25.Nc5 Qa7 26.Kf1 Nd7 27.Nd3 g5 28.Rad1 Nf6 29.c5 Qe7
30.h3 Qe6 31.Rd2 Rd7 32.Red1 Red8 33.Nb2 Nh7 34.Rd3 Nf8 35.f4 gxf4 36.gxf4 Qf6
37.f5 Ng6 38.Qe1 Nf4 39.Rg3 Nde2 40.Rg4 Rxd1 41.Nxd1 Rd3 42.Nf2 Ra3 43.Qd2 Ra1+
44.Nd1 Nc3 45.Bf3 Nxd1 46.Bxd1 Ra3 47.Bc2 Rxh3 48.Qd6 Rh1+ 49.Kf2 Qh6 50.Qxh6 Rxh6
51.Ke1 Rh2 52.Kd1 Ne2 53.f6 g6 54.Bb3 Nd4 55.Rxg6+ Kf8 56.Rg3 Rf2 57.Ke1 Rxf6
58.Bd1 Rf4 59.Re3 Ke7 60.Kd2 Rf2+ 61.Kc1 Rf4 62.Kd2 Ke6 63.Kc3 Rh4 64.Bb3+ Kf6
65.Bc2 Kg5 66.Bd3 Kf4 67.Re1 Nf3 68.Re2 Rh3 69.Rf2 Kg3 70.Rf1 Rh2 71.Rd1 Ra2
72.Bc2 Nd4 73.Bd3 Ra3+ 74.Kd2 Rb3 75.Rg1+ Kf4 76.Rf1+ Nf3+ 77.Kc2 Ra3 78.Rh1 Ke3
79.Bf1 Ra1 80.Kb2 Re1 81.Kc3 Kxe4 82.Bd3+ Kd5 83.Rh7 e4 84.Rxf7 Re3 85.Rd7+ Ke5
86.Re7+ Kf5 87.Ra7 exd3 88.Rf7+ Ke6 89.Rf8 d2+ 90.Kc2 Rc3+ 91.Kxc3 d1=Q 92.Re8+ Kf7  0-1

[Event "III Marcel Duchamp Boca Jun Op"]
[Site "Buenos Aires ARG"]
[Date "2013.06.25"]
[Round "5.13"]
[White "Flores,N"]
[Black "Real de Azua,E"]
[Result "1/2-1/2"]
[WhiteElo "1933"]
[BlackElo "2460"]

1.Nf3 d5 2.g3 c6 3.b3 Bf5 4.Bg2 h6 5.Bb2 e6 6.O-O Nf6 7.d3 Be7 8.c4 O-O 9.Na3 Bh7
10.Rc1 Qa5 11.Nc2 Qxa2 12.Bd4 Qa5 13.Ra1 Qc7 14.Bxa7 Nbd7 15.Bd4 e5 16.Bb2 Bd6
17.Qd2 d4 18.b4 Bf5 19.c5 Be7 20.e3 dxe3 21.Nxe3 Bh7 22.Qc3 Rfd8 23.Rfd1 Rxa1
24.Bxa1 Nd5 25.Nxd5 cxd5 26.Nxe5 d4 27.Qxd4 Bf6 28.Re1 Nxe5 29.Rxe5 Bg6 30.Qe3 Rxd3
31.Re8+ Kh7 32.Qc1 Rb3 33.Be4 Qd7 34.Bxg6+ fxg6 35.Re1 Bxa1 36.Qxa1 Rxb4  1/2-1/2

[Event "Malaysian Masters Women 2013"]
[Site "Kuala Lumpur MAS"]
[Date "2013.06.25"]
[Round "7.2"]
[White "Azman Hisham,Nur Najiha"]
[Black "Nur,Nab"]
[Result "1-0"]
[WhiteElo "1935"]
[BlackElo "1926"]

1.Nf3 d5 2.g3 b6 3.Bg2 Bb7 4.O-O Nf6 5.b3 e6 6.Bb2 Bd6 7.d3 O-O 8.Nbd2 c5
9.e4 dxe4 10.Ng5 h6 11.Ngxe4 Nxe4 12.Nxe4 f5 13.Nf6+ gxf6 14.Bxb7 Nd7 15.Bxa8 Qxa8
16.Qh5 Be5 17.Bxe5 Nxe5 18.f4 Ng4 19.h3 Ne3 20.Rf2 Kh7 21.Re1 Qe8 22.Qxe8 Rxe8
23.Rxe3 Kg7 24.Rfe2 Kf7 25.c3 h5 26.d4 cxd4 27.cxd4 h4 28.d5 e5 29.fxe5 fxe5
30.Rxe5 Rd8 31.Rxf5+ Kg6 32.g4  1-0

[Event "7th Varna Open 2013"]
[Site "Varna BUL"]
[Date "2013.06.25"]
[Round "7.16"]
[White "Gagarin,V"]
[Black "Talmaci,Alexandru"]
[Result "1-0"]
[WhiteElo "2329"]
[BlackElo "1581"]

1.Nf3 d5 2.g3 Bf5 3.Bg2 Nf6 4.c4 c6 5.O-O e6 6.d3 h6 7.Nc3 Be7 8.cxd5 exd5
9.Nd4 Bh7 10.e4 Qb6 11.Nb3 dxe4 12.dxe4 O-O 13.Be3 Qc7 14.Qe2 Nbd7 15.f4 Nb6
16.Rac1 Rad8 17.f5 Rfe8 18.Bf4 Qc8 19.g4 Nfd7 20.Qf2 Bf6 21.Nb5 Be5 22.Nd6 Bxd6
23.Bxd6 Ne5 24.Bxe5 Rxe5 25.Rcd1 Ree8 26.Qe2 f6 27.Nc5 Kh8 28.Rxd8 Qxd8 29.Ne6 Qb8
30.b3 Bg8 31.Nf4 Bf7 32.h4 Qe5 33.g5 Qd4+ 34.Kh1 Nd5 35.gxh6 gxh6 36.Qf3 Ne3
37.Re1 Nxg2 38.Qxg2 Rg8 39.Ng6+ Bxg6 40.fxg6 Kg7 41.Qf3 Re8 42.h5 Rd8 43.e5 Qh4+
44.Kg2 Rd2+ 45.Kf1 f5 46.e6 Qh2 47.e7 Rf2+ 48.Qxf2 Qh1+ 49.Ke2 Qe4+ 50.Kd2 Qd5+
51.Kc2  1-0

[Event "TCh-MNE Prem 2013"]
[Site "Cetinje MNE"]
[Date "2013.06.26"]
[Round "3.1"]
[White "Lajthajm,B"]
[Black "Nikcevic,N"]
[Result "1/2-1/2"]
[WhiteElo "2478"]
[BlackElo "2458"]

1.Nf3 d5 2.g3 Nc6 3.d4 Bf5 4.Bg2 Nb4 5.Na3 e6 6.O-O Nf6 7.Nh4 Be4 8.f3 Bg6
9.c3 Na6 10.e4 Be7 11.Qb3 Rb8 12.exd5 Nxd5 13.Nxg6 hxg6 14.Rd1 c6 15.c4 Ndc7
16.Be3 O-O 17.d5 exd5 18.Bxa7 Bc5+ 19.Bxc5 Nxc5 20.Qe3 N5e6 21.cxd5 Nxd5
22.Qf2 Qe7 23.Nc4 Rbd8 24.a3 Nf6  1/2-1/2

[Event "Mukachevo Summer"]
[Site "Mukachevo UKR"]
[Date "2013.06.26"]
[Round "2.4"]
[White "Lornije,Filip"]
[Black "Nosenko,A"]
[Result "0-1"]
[WhiteElo "2223"]
[BlackElo "2498"]

1.Nf3 d5 2.g3 Nc6 3.Bg2 e5 4.d3 Nf6 5.c3 a5 6.O-O Be7 7.Nbd2 O-O 8.e4 Re8
9.Re1 Bf8 10.a4 dxe4 11.dxe4 h6 12.Qb3 Nd7 13.Bf1 Nc5 14.Qc2 Qf6 15.Nh4 Rd8
16.Nc4 b6 17.Ng2 Bb7 18.Nge3 Qg6 19.Nf5 Qe6 20.Nce3 Ne7 21.Bc4 Qc8 22.Nxe7+ Bxe7
23.Nd5 Bd6 24.Qe2 Qh3 25.Qf3 Rf8 26.Be3 Kh8 27.Bxc5 Bxc5 28.Nxc7 Rad8 29.Nd5 f5
30.Bf1 fxe4 31.Qxf8+ Rxf8 32.Bxh3 Bxf2+ 33.Kh1 Bxd5 34.Bg2 Bxe1 35.Rxe1 Rf2
36.Bxe4 Be6 37.Rd1 g6 38.b4 Kg7 39.bxa5 bxa5 40.Bd5 Bh3 41.Rc1 Re2 42.c4 e4
43.c5 Kf6 44.c6 Ke5 45.Bc4 Rd2 46.c7 e3 47.Ba6 Rd6 48.c8=Q Bxc8 49.Bxc8 h5
50.Kg2 Rd2+ 51.Kf3 Kd4 52.Ba6 Rf2+  0-1

[Event "Mukachevo Summer"]
[Site "Mukachevo UKR"]
[Date "2013.06.26"]
[Round "2.5"]
[White "Bernadskiy,V"]
[Black "Leinov,R"]
[Result "1-0"]
[WhiteElo "2475"]
[BlackElo "2194"]

1.Nf3 d5 2.g3 c6 3.Bg2 Bf5 4.O-O h6 5.b3 Nf6 6.Bb2 Nbd7 7.d3 e6 8.Nbd2 Be7
9.e4 dxe4 10.dxe4 Bh7 11.Qe2 O-O 12.Rad1 Qc7 13.e5 Nd5 14.Ne4 a5 15.c4 Nb4
16.a3 Na6 17.Qe3 Bxe4 18.Qxe4 Ndc5 19.Qc2 Qb6 20.Nd4 Rad8 21.Rd2 f6 22.Qg6 Nc7
23.exf6 Bxf6 24.Nf5 Ne8 25.Nxh6+ Kh8 26.Rxd8 Qxd8 27.Nf7+ Rxf7 28.Qxf7 Bxb2
29.Qf8+ Kh7 30.Qxc5 Nf6 31.Qe3 e5 32.g4 Bd4 33.Qh3+ Kg6 34.Kh1 Kg5 35.Qg3 Kg6
36.f4 Qe7 37.g5 Nd7 38.Qd3+  1-0

[Event "9th Prague Festival Open A"]
[Site "Prague CZE"]
[Date "2013.06.26"]
[Round "5.25"]
[White "Pick,Step"]
[Black "Vavrinek,T"]
[Result "1/2-1/2"]
[WhiteElo "2089"]
[BlackElo "1814"]

1.Nf3 d5 2.g3 Nf6 3.Bg2 Bf5 4.c4 c6 5.cxd5 cxd5 6.Qb3 Qc7 7.Nc3 e6 8.d3 Nbd7
9.Be3 Bc5 10.d4 Bb6 11.O-O O-O 12.Rfc1 Qd8 13.Bf4 Ne8 14.Na4 Rc8 15.Rxc8 Qxc8
16.Nxb6 Nxb6 17.Rc1 Qa8 18.Qb4 Nf6  1/2-1/2

[Event "3rd Big Slick IM"]
[Site "Purley ENG"]
[Date "2013.06.26"]
[Round "5"]
[White "House,Glenn L"]
[Black "Meszaros,Gyu"]
[Result "1-0"]
[WhiteElo "2211"]
[BlackElo "2255"]

1.g3 d5 2.Nf3 e6 3.Bg2 Nf6 4.O-O Be7 5.d3 b6 6.Nbd2 Bb7 7.e4 dxe4 8.Ng5 Qc8
9.dxe4 h6 10.Nh3 e5 11.Re1 O-O 12.Qe2 Na6 13.f3 Nb4 14.Nc4 Ba6 15.Be3 Qe6
16.b3 Bxc4 17.bxc4 Qc6 18.a3 Na6 19.Nf2 Bc5 20.Nd3 Rae8 21.Nxc5 Nxc5 22.Red1 Rd8
23.Rxd8 Rxd8 24.Rd1 Rd6 25.Rxd6 Qxd6 26.Qd2 Kf8 27.Bf1 Qxd2 28.Bxd2 Ke7 29.Kf2 Kd6
30.Be2 Nfd7 31.Ke3 f6 32.f4 Nb8 33.Bh5 Nc6 34.Bb4 Nd4 35.Bd1 Nc6 36.f5 Nb8
37.h4 Kc6 38.g4 Nca6 39.Bf8  1-0